Závlahy a odvodnění : teoretické základy a praktická cvičení /

Hlavní autor: Kozlovsky Dufková, Jana, 1977-
Korporativní autor: Mendelova zemědělská a lesnická univerzita. Agronomická fakulta
Jazyk: Čeština
Vydáno: V Brně : Mendelova zemědělská a lesnická univerzita, 2009
Vydání: Vyd. 1.
Témata:
Fyzický popis: 114 s. : il. ; 30 cm
Knihy
Uloženo v:
LEADER 02149nam a2200505 a 4500
001 nkc20092007984
003 CZ PrNK
005 20091211102653.0
007 ta
008 091109s2009 xr a e p 000 0 cze
015 |a cnb002007984 
020 |a 978-80-7375-335-1  |q (brož.) 
035 |a (OCoLC)481084354 
040 |a ABA001  |b cze  |d BOA001 
072 7 |a 631  |x Zemědělství. Pedologie. Agrotechnika. Agroekologie  |2 Konspekt  |9 24 
072 7 |a 37.016  |x Učební osnovy. Vyučovací předměty. Učebnice  |2 Konspekt  |9 22 
080 |a 631.67  |2 MRF 
080 |a 631.62  |2 MRF 
080 |a (075.8)  |2 MRF 
080 |a (076.5)  |2 MRF 
100 1 |a Kozlovsky Dufková, Jana,  |d 1977-  |7 mzk2005282447  |4 aut 
245 1 0 |a Závlahy a odvodnění :  |b teoretické základy a praktická cvičení /  |c Jana Kozlovsky Dufková 
250 |a Vyd. 1. 
260 |a V Brně :  |b Mendelova zemědělská a lesnická univerzita,  |c 2009 
300 |a 114 s. :  |b il. ;  |c 30 cm 
500 |a Na obálce nad názvem: Mendelova zemědělská a lesnická univerzita v Brně, Agronomická fakulta 
500 |a 330 výt. 
504 |a Obsahuje bibliografii 
650 0 7 |a závlahy  |7 ph116808  |2 czenas 
650 0 7 |a odvodňování  |7 ph200799  |2 czenas 
650 0 9 |a irrigation  |2 eczenas 
650 0 9 |a draining  |2 eczenas 
655 7 |a učebnice vysokých škol  |7 fd133772  |2 czenas 
655 7 |a praktická cvičení  |7 fd133118  |2 czenas 
655 9 |a textbooks (higher)  |2 eczenas 
655 9 |a problems, exercises, etc  |2 eczenas 
710 2 |a Mendelova zemědělská a lesnická univerzita.  |b Agronomická fakulta  |7 kn20010710246 
910 2 |a BOA001  |b 4-1232.076 
990 |a BK 
995 |a 01 
991 |b 200911  |c NOV  |j 631 DUF 
996 6 |b 2610395374  |c 4-1232.076  |l MZK  |r Sklad / do 1 hodiny  |n 0  |p p.v.  |w 000973113  |u 000010  |a 1  |e BOA001  |j MZK50  |s P 
996 7 |b 2610395375  |c 4-1232.076  |l MZK  |r Sklad / do 1 hodiny  |n 19  |p p.v.  |w 000973113  |u 000020  |a 1  |e BOA001  |j MZK50  |s A 
996 7 |b 2610396121  |c 4-1232.076  |l MZK  |r Sklad / do 1 hodiny  |n 9  |p kup  |w 000973113  |u 000030  |a 1  |e BOA001  |j MZK50  |s A 
996 7 |b 2610396122  |c 4-1232.076  |l MZK  |r Sklad / do 1 hodiny  |n 11  |p kup  |w 000973113  |u 000040  |a 1  |e BOA001  |j MZK50  |s A